ბათუმის შოთა რუსთაველის სახელმწიფო უნივერსიტეტის ბიბლიოთეკა

ქოლესტერინი და მისი როლი ათელოსკლეროზის ჩამოყალიბებაში. (ბიბ.ჩანაწერი № 35754)

000 -LEADER
fixed length control field 00858nam a2200217Ia 4500
001 - CONTROL NUMBER
control field 1633
003 - CONTROL NUMBER IDENTIFIER
control field GE_BSU
008 - FIXED-LENGTH DATA ELEMENTS--GENERAL INFORMATION
fixed length control field 181216s||||||||xx |||||||||||||| ||und||
020 ## - INTERNATIONAL STANDARD BOOK NUMBER
International Standard Book Number 9789941412608
040 ## - CATALOGING SOURCE
Transcribing agency GE_BSU
080 ## - UNIVERSAL DECIMAL CLASSIFICATION NUMBER
Universal Decimal Classification number 616.13.004.6
245 ## - TITLE STATEMENT
Title ქოლესტერინი და მისი როლი ათელოსკლეროზის ჩამოყალიბებაში.
245 ## - TITLE STATEMENT
Statement of responsibility, etc. რედ. ილია ნაკაშიძე.
260 ## - PUBLICATION, DISTRIBUTION, ETC.
Place of publication, distribution, etc. ბათუმი
260 ## - PUBLICATION, DISTRIBUTION, ETC.
Name of publisher, distributor, etc. შოთა რუსთაველის სახ.უნ–ტი
260 ## - PUBLICATION, DISTRIBUTION, ETC.
Date of publication, distribution, etc. 2011
300 ## - PHYSICAL DESCRIPTION
Extent 67 გვ. 29 სმ.
653 ## - INDEX TERM--UNCONTROLLED
Uncontrolled term ქოლესტერინი და მისი როლი ათელოსკლეროზის ჩამოყალიბებაში.
942 ## - ADDED ENTRY ELEMENTS (KOHA)
Koha item type წიგნი
ეგზემპლარები
Withdrawn status Lost status Damaged status Not for loan Date acquired Barcode Date last seen Price effective from Koha item type Public note
        2018-12-17 3162 2018-12-17 2018-12-17 წიგნი საცავი
        2018-12-17 3163 2018-12-17 2018-12-17 წიგნი საცავი
        2018-12-17 3164 2018-12-17 2018-12-17 წიგნი საცავი
        2018-12-17 3165 2018-12-17 2018-12-17 წიგნი საცავი
        2018-12-17 3166 2018-12-17 2018-12-17 წიგნი საცავი